000
00281nam a2200109Ia 4500
008
190902s9999||||xx |||||||||||||| ||und||
100
_a
Huzaima & Ikram
245
0
_a
Law Library Pakistan Tax Laws Of Pakistan
260
_a
London
_b
Prentice Hall
_c
2006
300
_a
1084
942
_c
BK
999
_c
2868
_d
2868